00766nam a22001817a 4500999001700000003000900017008004100026040007100067082002100138100002800159245004300187260003100230300002300261505017700284942001500461945000800476952010000484 c15000d15000AR-CdUCM190425b ||||| |||| 00| 0 spa d aMUNICIPALIDAD PROVINCIAL DEL CUSCOcBIBLIOTECA MUNICIPAL DEL CUSCO aC / 340.4 /bP49 aPezua Vivanco, David B. a¿Existe un primer poder del estado? / aCuzco :bPantigozo,c1966. a96 hojas ;c25 cm. aLa preeminencia del ejecutivo o legislativo en las constituciones derogadas -- estudio de las relaciones entre el ejecutivo y el legislativo en la constitución vigente... 2ddccTESIS awfj 002ddc4070aSCAbSCAcCARTd2019-04-25g30.00oC / 340.4 / P49pSCA0003366r2019-04-25yTESIS